000 00385nam a2200169Ia 4500
008 230524s9999 xx 000 0 und d
020 _a8170293014
082 _a5.133
_bKAN
100 _aYashavant Kanetkar
245 0 _aWorking With C
250 _a1ST
260 _aNEW DELHI
_bBPB
_c2005
300 _a520
500 _aQuantity Number: 76
650 _aComp-Sc
942 _cBK
999 _c26414
_d26414